00321nam a2200145Ia 45000030006000000080041000060400015000471000023000622450014000852500006000992600033001053000006001385460014001440050017001580STCL150530s9999 xx 000 0 und d aSTCLcSTCL aKrishna Thambi, V. aChanakyan a2 bB.V. Books; Trivandrumc1935 a0 aMalayalam20220125170808.0